000 00312nam a2200133 i 4500
001 bg
100 1 _aSCHWINGER, Julian
245 0 _aCasticy - istocniki - polja /
_cJulian Schwinger.
260 _aMoskwa,
_c1973.
040 _cBPK
041 _apol
942 _cKS
008 s pl f |000 0 pol
999 _c15332
_d15332
856 _uhttp://koha.tu.koszalin.pl/cgi-bin/koha/opac-detail.pl?biblionumber=15332
_yKatalog online BPK